000 00991nam a2200253Ia 4500
005 20220317000356.0
008 141031s2013 csp ao 0gspa d s sspa
020 _a9788484765561
082 0 4 _a631.584
_bA71c
100 1 _aAraújo, Joaquín
_d1947-
245 1 0 _aCultivar encuentros con la tierra
_baproximaciones a la cultura ecológica a través de las tareas y destrezas del tiempo, el paisaje, la vivacidad y, sobre todo, del agricultor autosuficiente
_cJoaquín Araújo
250 _aPrimera edición
300 _a196 páginas
_bilustraciones y fotografías a color
_c20 cm
500 _aContiene datos biográficos del autor
650 1 4 _2LEMB
_aHorticultura orgánica
650 1 4 _2LEMB
_aPracticas de cultivo
650 1 4 _2LEMB
_aAgricultura biológica
942 _2ddc
_cBK
264 _aMadrid
_bMundi-Prensa
_c2013
336 _atexto
_btxt
_2rdacontent
337 _asin mediación
_bn
_2rdamedia
338 _avolumen
_bnc
_2rdacarrier
040 _aCO-BoRNBP
_bspa
_erda
_cCO-BoRNBP
999 _c3872
_d3872